00586nam a22002057a 450000500170000001000130001702000110003003500130004103700160005404000120007008200210008210000170010324500520012026000350017227000620020730000280026950000510029765000100034865000220035820170124110052.0 aA-977365 c200.00 aA-977365 bCen Lib/Ret aDPLbEN a796.0191922bDAT aDatta, A. K. aGames and stunts for children /cby A. K. Dutta aDelhibJanvani Prakashanc1998 bDelhia30/22A, Gali No.9, Vishwas Nagar, Shahdarae110032 a183p. :c21cm(Hb)bill. aIncludes bibliographical references and index  aGames aChildren's stunts